Zneužívanie dominantného postavenia a vybrané sporné praktiky cenového správania sa

Zneužívanie dominantného postavenia. Aktivity posudzovania zneužívania dominantného postavenia za rok 2012. Sporné praktiky cenového správania sa.

Salvato in:
Dettagli Bibliografici
Autore principale: Divincová, Alexandra
Natura: Capitolo di libro
Lingua:slovacco
Soggetti:
Tags: Aggiungi Tag
Nessun Tag, puoi essere il primo ad aggiungerne!!

MARC

LEADER 00000nla a2200000 4500
001 0184287
005 20240522093141.4
041 0 |a slo 
044 |a SK 
245 1 0 |a Zneužívanie dominantného postavenia a vybrané sporné praktiky cenového správania sa  |c Alexandra Divincová 
520 |a Zneužívanie dominantného postavenia. Aktivity posudzovania zneužívania dominantného postavenia za rok 2012. Sporné praktiky cenového správania sa. 
610 2 0 |a podnik 
610 2 0 |a etika podniková 
610 2 0 |a etika podnikateľská 
610 2 0 |a tvorba cien 
610 2 0 |a dumping 
610 2 0 |a konkurencia 
100 1 |a Divincová, Alexandra